| 000 | 00619nam a22001697a 4500 | ||
|---|---|---|---|
| 005 | 20260218144840.0 | ||
| 008 | 260218b |||||||| |||| 00| 0 eng d | ||
| 020 | _a9789387791008 | ||
| 040 | _cVITAP | ||
| 082 |
_223rd Ed. _a294.54 HIN |
||
| 100 |
_aThe Hindu Group _917101 |
||
| 245 |
_aSummit of Peace _b: Mahamasthakabhisheka at Shravanabelagola, 2018 (A Special Volume) _c/ The Hindu Group |
||
| 260 |
_aChennai _bTHG (The Hindu Group) Publishing Private Limited _c2018 |
||
| 300 | _a80p. : ill. ; 30cm | ||
| 650 | 0 |
_aMahamastakabhisheka (Shravanabelagola, India) - Description and travel _917104 |
|
| 942 |
_2ddc _cREF |
||
| 999 |
_c47283 _d47283 |
||